000 01140cam a2200289 4500
008 020517n2000 000 0 eng u
020 _a1861342896
035 _a(Sirsi) u118010
041 _aeng.
050 _a711.52
100 _aDean, J.
245 _aChallenging images : housing estates, stigma and regeneration
260 _aBristolbPolicy Press
_c2000
300 _aviii,55p.
_c30cm.
350 _a12.95
490 _aArea Regeneration
520 _aConsiders whether area and community regeneration is enough to challenge the negative perceptions of a stigmatised housing estate. Examines three housing estates which have long-established problem reputations, but which have experienced substantial regeneration. Looks for solutions to estates' image problems as a means of ensuring that improvements made by regeneration processes are concrete and long-lasting.
650 _aHOUSING ESTATES
650 _aSUSTAINABLE COMMUNITIES
650 _aSTIGMA
650 _aSOCIAL HOUSING
650 _aNEIGHBOURHOOD RENEWAL
650 _aIMAGE
690 _aREGENERATION
700 _aHastings, A.
942 _n0
999 _c102084
_d102084